Los Inquilinos / (Record no. 22823)
[ view plain ]
| 000 -CABECERA | |
|---|---|
| fixed length control field | 00611nam a22001937i 4500 |
| 003 - IDENTIFICADOR DEL NÚMERO DE CONTROL | |
| control field | AR-CdUCM |
| 008 - DATOS DE LONGITUD FIJA--INFORMACIÓN GENERAL | |
| fixed length control field | 240410b20212021pe ||||| |||| 00| 0 spa d |
| 020 ## - NÚMERO INTERNACIONAL ESTÁNDAR DEL LIBRO | |
| ISBN | 978-612-48107-1-8 |
| 040 ## - FUENTE DE LA CATALOGACIÓN | |
| Agencia/entidad que catalogó originalmente la obra | MUNICIPALIDAD PROVINCIAL DEL CUSCO |
| Entidad que transcribió la catalogación | BIBLIOTECA MUNICIPAL DEL CUSCO |
| 082 ## - NÚMERO DE LA CLASIFICACIÓN DECIMAL DEWEY | |
| No. de Clasificación | 869.56 / R7816I |
| Notacion interna | R7816I |
| 100 ## - ENTRADA PRINCIPAL--NOMBRE DE PERSONA | |
| Nombre Personal | Rojas Loyola, Lis Geraldine. |
| 245 ## - MENCIÓN DE TÍTULO | |
| Título | Los Inquilinos / |
| 260 ## - PUBLICACIÓN, DISTRIBUCIÓN, ETC. | |
| Lugar de publicación, distribución, etc. | Lima |
| Nombre de la editorial, distribuidor, etc. | L & R Consulting Corp. , |
| Fecha de publicación, distribución, etc. | 2021 |
| 300 ## - DESCRIPCIÓN FÍSICA | |
| Nº de Páginas Extensión | 75 Páginas. : |
| Dimensiones | 14.7 cm. |
| 650 ## - PUNTO DE ACCESO ADICIONAL DE MATERIA--TÉRMINO DE MATERIA | |
| Descriptor | La Bruja Frescafrida |
| 9 (RLIN) | 49534 |
| 650 ## - PUNTO DE ACCESO ADICIONAL DE MATERIA--TÉRMINO DE MATERIA | |
| Descriptor | Braulio Paracelso |
| 9 (RLIN) | 49535 |
| 942 ## - ELEMENTOS DE PUNTO DE ACCESO ADICIONAL (KOHA) | |
| Fuente de clasificación | |
| Tipo de item | Libros-BMC |
| 945 ## - PROCESAMIENTO DE INFORMACIÓN LOCAL (OCLC) | |
| Catalogador | pbj |
| AAAA-MM-DD - Fecha de ingreso o modificacion | 10-04-2014 |
No items available.